000 00571pam a2200217 i 4500
001 3208485
005 20180205074632.0
008 780113s1978 nyua b 001 0 eng
010 _a 78000676
020 _a0312810369 :
_c$18.50
040 _aDLC
_cDLC
_dDLC
041 _aeng
080 _a658.4 HOD
082 0 0 _a658.4 HOD
100 1 _a24
101 _aFIL
245 1 0 _aTowards a philosophy of administration /
_cChristopher Hodgkinson.
504 _aBibliography: p. [228]-237.
906 _a7
_bcbc
_corignew
_d1
_eocip
_f19
_gy-gencatlg
942 _2ddc
_cBK
999 _c41784
_d41784